Statistics for Economic Cooperation Organisation Countries

Click here to take the quiz!

General Stats

  • This quiz has been taken 13 times
  • The average score is 7 of 10

Answer Stats

Country% Correct
Iran
91%
Turkey
91%
Pakistan
82%
Azerbaijan
73%
Turkmenistan
73%
Uzbekistan
73%
Afghanistan
64%
Tajikistan
64%
Kazakhstan
55%
Kyrgyzstan
55%

Score Distribution

Percentile by Number Answered

Percent of People with Each Score

Your Score History

You have not taken this quiz